Антология фольклора Брянской области: Ноты. Вып. 5. Ч. 2: Музыкальный фольклор села Мишковка в записях 1950-х годов (Запись № 13467926)

Подробности
000 -МАРКЕР
контрольное поле 02376nam2a2200373 4500
001 - ИДЕНТИФИКАТОР ЗАПИСИ
контрольное поле RU\NLR\ONIZ\304937
005 - ИДЕНТИФИКАТОР ВЕРСИИ
контрольное поле 20251123121204.0
021 ## - НОМЕР ГОСУДАРСТВЕННОЙ РЕГИСТРАЦИИ
Код страны Российская Федерация
Номер 2023-078722
Номер Листа государственной регистраци 2023-КН-П-7952
035 ## - ДРУГИЕ СИСТЕМНЫЕ НОМЕРА
Идентификатор записи (NLR Aleph) 022668527
100 ## - ДАННЫЕ ОБЩЕЙ ОБРАБОТКИ
Данные общей обработки 20241017d2023 k y0rusy50 ca
101 0# - ЯЗЫК РЕСУРСА
Язык текста, звукозаписи и т.д. русский
102 ## - СТРАНА ПУБЛИКАЦИИ ИЛИ ПРОИЗВОДСТВА
Страна публикации Российская Федерация
105 ## - ПОЛЕ КОДИРОВАННЫХ ДАННЫХ: ТЕКСТОВЫЕ МАТЕРИАЛЫ, МОНОГРАФИЧЕСКИЕ
Кодированные данные о монографическом текстовом документе y ||||000|y
200 1# - ЗАГЛАВИЕ И СВЕДЕНИЯ ОБ ОТВЕТСТВЕННОСТИ
Основное заглавие Музыкальный фольклор села Мишковка в записях 1950-х годов
Общее обозначение материала Текст
Сведения, относящиеся к заглавию из фондов Научного центра народной музыки имени К. В. Квитки МГК им. П. И. Чайковского
-- песенный сборник с аудиоприложением на DVD
Первые сведения об ответственности составление, предисловие и комментарии Е. В. Битеряковой
Последующие сведения об ответственности подготовка текстов Е. В. Битеряковой, О. В. Ивановой
210 ## - ПУБЛИКАЦИЯ, РАСПРОСТРАНЕНИЕ И ДР.
Дата издания, распространения и т.д. 2023
Имя изготовителя Автографф
Место изготовления Брянск
215 ## - ФИЗИЧЕСКАЯ ХАРАКТЕРИСТИКА
Специфическое обозначение материала и объем 53, [1] с.
Сопроводительный материал Аудиоприложение на DVD
300 ## - ОБЩИЕ ПРИМЕЧАНИЯ
Текст примечания Перед предисловием: К 70-летию первых аудиозаписей музыкального фольклора села Мишковка
461 #0 - УРОВЕНЬ НАБОРА
Встроенное поле 001RU\NLR\ONIZ\304936
-- 2001#$aАнтология фольклора Брянской области$bНоты$vВып. 5. Ч. 2
Системный номер (АБИС) связанной записи 13467925
Место публикации Брянск
Дата публикации 2004-
Имя издателя, распространителя и т.д. [б. и.]
Заглавие Антология фольклора Брянской области: Ноты
Номер тома Вып. 5. Ч. 2
606 1# - НАИМЕНОВАНИЕ ТЕМЫ КАК ПРЕДМЕТ
Наименование темы Фольклор Брянской области
Формальный подзаголовок Звукозапись
Код системы nlr_sh
686 0# - ИНДЕКСЫ ДРУГИХ КЛАССИФИКАЦИЙ
Индекс Щ92(2Р=Рус)-4 Брянская область
686 0# - ИНДЕКСЫ ДРУГИХ КЛАССИФИКАЦИЙ
Индекс Щ92(2Р=Рус)-5 Брянская область
702 #1 - ИМЯ ЛИЦА - ВТОРИЧНАЯ ОТВЕТСТВЕННОСТЬ
Системный номер авторитетной/нормативной записи z01790
Начальный элемент ввода Битерякова
Часть имени, кроме начального элемента ввода Е. В.
Расширение инициалов личного имени Елена Викторовна
Код отношения Составитель
-- Автор введения, предисловия, примечания и т.п.
Графика поля Кириллица
702 #1 - ИМЯ ЛИЦА - ВТОРИЧНАЯ ОТВЕТСТВЕННОСТЬ
Системный номер авторитетной/нормативной записи z02790
Начальный элемент ввода Иванова
Часть имени, кроме начального элемента ввода О. В.
Дополнения к именам, кроме дат Музыковед-фольклорист (этномузыколог)
Расширение инициалов личного имени Ольга Владимировна
Код отношения Прочие
Графика поля Кириллица
790 #1 - ИМЯ ЛИЦА - АЛЬТЕРНАТИВНАЯ ФОРМА
Системный номер авторитетной/нормативной записи z01702
Начальный элемент ввода Biterjakova
Часть имени, кроме начального элемента ввода E. V.
Расширение инициалов личного имени Elena Viktorovna
Код отношения Составитель
-- Автор введения, предисловия, примечания и т.п.
Графика поля Латинская
790 #1 - ИМЯ ЛИЦА - АЛЬТЕРНАТИВНАЯ ФОРМА
Системный номер авторитетной/нормативной записи z02702
Начальный элемент ввода Ivanova
Часть имени, кроме начального элемента ввода O. V.
Расширение инициалов личного имени Ol`ga Vladimirovna
Код отношения Прочие
Графика поля Латинская
801 #0 - ИСТОЧНИК ЗАПИСИ
Страна Российская Федерация
Организация NLR
Дата составления 20241017
Правила каталогизации PSBO
801 #1 - ИСТОЧНИК ЗАПИСИ
Страна Российская Федерация
Организация NLR
Дата составления 20241017
Источник данных rusmarc
801 #2 - ИСТОЧНИК ЗАПИСИ
Страна Российская Федерация
Организация NLR
Дата составления 20251117
852 ## - МЕСТОНАХОЖДЕНИЕ И ШИФР ХРАНЕНИЯ
Идентификатор организации NLR
Префикс шифра хранения М
Шифр хранения (Call Number) 985-3/211(5.2)
Идентификатор единицы 274830
Номер экземпляра 1
942 ## - ДОПОЛНИТЕЛЬНЫЕ ЭЛЕМЕНТЫ ЗАПИСИ (АБИС)
Тип экземпляра АБИС Книга
980 ## - КОЛЛЕКЦИЯ
Название коллекции Отдел нот и звукозаписей
980 ## - КОЛЛЕКЦИЯ
Название коллекции Национальная библиография

Нет доступных экземпляров.